[Event "UK Armed Forces-ch"]
[Site "Wittering"]
[Date "2023.04.16"]
[Round "6"]
[White "Morrison, Munroe L"]
[Black "O'Neill, Stephen G"]
[Result "1/2-1/2"]
[WhiteElo "1704"]
[BlackElo "1483"]
[PlyCount "24"]
[EventDate "2023.04.14"]
[EventType "swiss"]
[EventRounds "7"]
[EventCountry "ENG"]
[SourceTitle "EXT 2024"]
[Source "ChessBase"]
[SourceDate "2023.10.10"]
[SourceVersion "1"]
[SourceVersionDate "2023.10.10"]
[SourceQuality "1"]

1. d4 d5 2. e3 Nc6 3. f4 Bf5 4. Bd3 e6 5. Nf3 Nb4 6. 0-0 Nxd3 7. cxd3 c5 8. b3 cxd4 9. Nxd4 Bc5 10. Nxf5 exf5 11. Qf3 Rc8 12. Bb2 Nf6 1/2-1/2